ბათუმის შოთა რუსთაველის სახელმწიფო უნივერსიტეტის ბიბლიოთეკა

XIX საუკუნის [ქართული] მწერლობა (ბიბ.ჩანაწერი № 42631)

000 -LEADER
fixed length control field 00973nam a2200205Ia 4500
001 - CONTROL NUMBER
control field 9335
003 - CONTROL NUMBER IDENTIFIER
control field GE_BSU
008 - FIXED-LENGTH DATA ELEMENTS--GENERAL INFORMATION
fixed length control field 181216s||||||||xx |||||||||||||| ||und||
040 ## - CATALOGING SOURCE
Transcribing agency GE_BSU
080 ## - UNIVERSAL DECIMAL CLASSIFICATION NUMBER
Universal Decimal Classification number 821.353.1-1+821.353.1-32
245 ## - TITLE STATEMENT
Title XIX საუკუნის [ქართული] მწერლობა
245 ## - TITLE STATEMENT
Statement of responsibility, etc. კრებული შეადგ.,წინასიტყვ.,შენიშვნ. და ლექსიკონი დაურთო ნოდარ ალანიამ. რედ. მ. ზუბადალაშვილი.მხატვ.ი.დივნოგორცევა–გრიგოლია
260 ## - PUBLICATION, DISTRIBUTION, ETC.
Place of publication, distribution, etc. თბილისი
260 ## - PUBLICATION, DISTRIBUTION, ETC.
Name of publisher, distributor, etc. ნაკადული
260 ## - PUBLICATION, DISTRIBUTION, ETC.
Date of publication, distribution, etc. 1979
300 ## - PHYSICAL DESCRIPTION
Extent 312გვ.20სმ.
520 ## - SUMMARY, ETC.
Summary, etc. შენიშვნ.გვ.291-307 ლექსიკონი
653 ## - INDEX TERM--UNCONTROLLED
Uncontrolled term XIX საუკუნის [ქართული] მწერლობა
942 ## - ADDED ENTRY ELEMENTS (KOHA)
Koha item type წიგნი
ეგზემპლარები
Withdrawn status Lost status Damaged status Not for loan Date acquired Barcode Date last seen Price effective from Koha item type
        2018-12-17 32212 2018-12-17 2018-12-17 წიგნი
        2018-12-17 32213 2018-12-17 2018-12-17 წიგნი
        2018-12-17 32214 2018-12-17 2018-12-17 წიგნი
        2018-12-17 32215 2018-12-17 2018-12-17 წიგნი
        2018-12-17 32216 2018-12-17 2018-12-17 წიგნი
        2018-12-17 32217 2018-12-17 2018-12-17 წიგნი
        2018-12-17 32218 2018-12-17 2018-12-17 წიგნი
        2018-12-17 32219 2018-12-17 2018-12-17 წიგნი
        2018-12-17 32220 2018-12-17 2018-12-17 წიგნი
        2018-12-17 32221 2018-12-17 2018-12-17 წიგნი